[Event "Varennes"]
[Site "Varennes CAN"]
[Date "2013.11.09"]
[Round "2"]
[White "Nicula, Marius"]
[Black "Sambuev, Bator"]
[Result "0-1"]
[WhiteElo "2210"]
[BlackElo "2586"]
[PlyCount "119"]
[GameId "2160767909216667"]
[EventDate "2013.11.08"]
[EventType "swiss"]
[EventRounds "5"]
[EventCountry "CAN"]
[SourceTitle "hb 2013"]

1. d4 e6 2. c4 Nf6 3. g3 Bb4+ 4. Bd2 a5 5. Bg2 O-O 6. Nf3 d5 7. Bxb4 axb4 8. Qb3 Nc6 9. Nbd2 Ne4 10. e3 f5 11. O-O Qd6 12. a3 bxa3 13. Rxa3 Rxa3 14. bxa3 Na5 15. Qa4 b6 16. c5 Qe7 17. cxb6 cxb6 18. Rb1 Bd7 19. Qb4 Qxb4 20. Rxb4 Nxd2 21. Nxd2 Rb8 22. Bf1 Kf8 23. Bb5 Ke7 24. Kf1 Bxb5+ 25. Rxb5 Kd6 26. Ke2 Kc6 27. Rb4 Ra8 28. a4 Kc7 29. Rb1 Nc6 30. Ra1 b5 31. Nb3 Rxa4 32. Rxa4 bxa4 33. Nc5 a3 34. Kd2 a2 35. Nb3 Na5 36. Na1 Kb6 37. Kc3 Kb5 38. Nc2 g5 39. h3 h5 40. Kb2 Kc4 41. Ne1 Nb3 42. Kxa2 Nc1+ 43. Kb1 Nd3 44. Nf3 g4 45. hxg4 fxg4 46. Ng5 Nxf2 47. Kc2 Ne4 48. Nxe6 Nxg3 49. Nf4 Nf1 50. e4 dxe4 51. d5 Ne3+ 52. Kd2 Nxd5 53. Nxh5 Kd4 54. Ng3 e3+ 55. Ke1 Nf4 56. Kf1 Kd3 57. Ke1 Ne6 58. Ne2 Ke4 59. Ng1 Nf4 60. Kf1 0-1

[Event "Varennes"]
[Site "Varennes CAN"]
[Date "2013.11.09"]
[Round "2"]
[White "Ouellet, Maili-Jade"]
[Black "Villeneuve, Robert"]
[Result "0-1"]
[WhiteElo "1817"]
[BlackElo "1948"]
[PlyCount "68"]
[GameId "2160767909216668"]
[EventDate "2013.11.08"]
[EventType "swiss"]
[EventRounds "5"]
[EventCountry "CAN"]
[SourceTitle "hb 2013"]

1. d4 d5 2. c4 e6 3. Nc3 c6 4. Nf3 Nf6 5. Bg5 dxc4 6. e4 b5 7. e5 h6 8. Bh4 g5 9. Nxg5 hxg5 10. Bxg5 Nbd7 11. exf6 Bb7 12. Qf3 Qb6 13. Be3 c5 14. dxc5 Bxc5 15. Bxc5 Nxc5 16. Qe3 O-O-O 17. Rd1 b4 18. Nb1 Rxd1+ 19. Kxd1 Rd8+ 20. Nd2 Ne4 21. Qxb6 axb6 22. Kc1 Nxd2 23. f3 Nxf1 24. Rxf1 Kc7 25. g3 Ra8 26. Kb1 Bd5 27. Rf2 Kd6 28. g4 Ke5 29. f4+ Kxf6 30. h3 Be4+ 31. Kc1 Rxa2 32. Re2 Bd3 33. Re3 Ra1+ 34. Kd2 Rb1 0-1

[Event "Varennes"]
[Site "Varennes CAN"]
[Date "2013.11.09"]
[Round "2"]
[White "Tomb, Maroun"]
[Black "Lawson, Eric"]
[Result "1/2-1/2"]
[WhiteElo "2200"]
[BlackElo "2379"]
[PlyCount "41"]
[GameId "2160767909216669"]
[EventDate "2013.11.08"]
[EventType "swiss"]
[EventRounds "5"]
[EventCountry "CAN"]
[SourceTitle "hb 2013"]

1. c4 c5 2. Nc3 Nf6 3. g3 Nc6 4. Bg2 g6 5. Nf3 d5 6. cxd5 Nxd5 7. Nxd5 Qxd5 8. O-O Bg7 9. d3 O-O 10. Be3 Bxb2 11. Rb1 Bf6 12. Nd4 Qxa2 13. Nxc6 bxc6 14. Bxc6 Bh3 15. Bxa8 Bxf1 16. Qxf1 Rxa8 17. Bxc5 a5 18. d4 e5 19. e3 exd4 20. exd4 Qd5 21. Qg2 1/2-1/2

[Event "Varennes"]
[Site "Varennes CAN"]
[Date "2013.11.09"]
[Round "2"]
[White "Turcotte, Jonathan"]
[Black "Weston, Paul"]
[Result "0-1"]
[WhiteElo "2047"]
[BlackElo "1975"]
[PlyCount "66"]
[GameId "2160767909216670"]
[EventDate "2013.11.08"]
[EventType "swiss"]
[EventRounds "5"]
[EventCountry "CAN"]
[SourceTitle "hb 2013"]

1. d4 d5 2. Nf3 Nf6 3. c4 e6 4. Nc3 Nbd7 5. Bg5 Bb4 6. cxd5 exd5 7. e3 c5 8. Bd3 Qa5 9. Qc2 c4 10. Bf5 O-O 11. O-O Re8 12. Nd2 g6 13. Bxd7 Nxd7 14. a3 Bxc3 15. bxc3 Nb6 16. f3 Na4 17. Rac1 b5 18. e4 Bd7 19. exd5 Nb6 20. d6 b4 21. Be7 b3 22. Qe4 b2 23. Rcd1 Qxc3 24. Qh4 Qe3+ 25. Kh1 c3 26. Ne4 Nd5 27. Rde1 Qxe1 28. Qxe1 c2 29. Nc5 Bb5 30. Rg1 c1=Q 31. Qxc1 bxc1=Q 32. Rxc1 Nxe7 33. dxe7 Rxe7 0-1

[Event "Varennes"]
[Site "Varennes CAN"]
[Date "2013.11.09"]
[Round "3"]
[White "Caire, Francois"]
[Black "Tomb, Maroun"]
[Result "1/2-1/2"]
[WhiteElo "2134"]
[BlackElo "2200"]
[PlyCount "82"]
[GameId "2160767909216671"]
[EventDate "2013.11.08"]
[EventType "swiss"]
[EventRounds "5"]
[EventCountry "CAN"]
[SourceTitle "hb 2013"]

1. d4 Nf6 2. c4 d6 3. Nc3 Nbd7 4. e4 e5 5. Nf3 Be7 6. g3 O-O 7. Bg2 c6 8. O-O a6 9. a4 a5 10. h3 Qc7 11. Be3 exd4 12. Nxd4 Re8 13. Re1 Bf8 14. f4 Nc5 15. Qc2 Na6 16. g4 Nd7 17. Bf1 Nb4 18. Qg2 Nc5 19. Rad1 f6 20. Be2 Qf7 21. Bf2 b6 22. Nf5 Bxf5 23. exf5 Nc2 24. Rf1 Rac8 25. Bf3 Nb4 26. Bxc5 dxc5 27. g5 Kh8 28. Ne4 Rcd8 29. Rxd8 Rxd8 30. gxf6 gxf6 31. Kh1 Bh6 32. Qg4 Qxc4 33. Rg1 Rg8 34. Qxg8+ Qxg8 35. Rxg8+ Kxg8 36. Nxf6+ Kf7 37. Nd7 Bxf4 38. Nxb6 Kf6 39. Nc4 Bc7 40. Be4 Nd5 41. Kg1 Nb6 1/2-1/2

[Event "Varennes"]
[Site "Varennes CAN"]
[Date "2013.11.09"]
[Round "3"]
[White "Cloutier, Mario"]
[Black "Morissette, Jean-Sebastien"]
[Result "1-0"]
[WhiteElo "2048"]
[BlackElo "1876"]
[PlyCount "61"]
[GameId "2160767909216672"]
[EventDate "2013.11.08"]
[EventType "swiss"]
[EventRounds "5"]
[EventCountry "CAN"]
[SourceTitle "EXT 2022"]
[Source "ChessBase"]
[SourceDate "2021.10.06"]
[SourceVersion "1"]
[SourceVersionDate "2021.10.06"]
[SourceQuality "1"]

1. d4 d5 2. c4 e6 3. Nc3 Be7 4. Nf3 Nf6 5. g3 O-O 6. Bg2 Bd7 7. Ne5 Bc6 8. cxd5 exd5 9. O-O Qc8 10. Qb3 Rd8 11. e4 Qe6 12. Nxc6 bxc6 13. Qb7 Nbd7 14. exd5 Nxd5 15. Nxd5 cxd5 16. Bxd5 Qf6 17. Qxc7 Rab8 18. Qxa7 Nb6 19. Bg2 Bd6 20. b3 Qe6 21. Qa5 h6 22. Be3 Nd7 23. Rfc1 Nf6 24. Rc6 Qe7 25. Rac1 Ra8 26. Qd2 Ne4 27. Qc2 Nf6 28. a4 Ng4 29. Rxd6 Nxe3 30. Rxd8+ Rxd8 31. fxe3 1-0

[Event "Varennes"]
[Site "Varennes CAN"]
[Date "2013.11.09"]
[Round "3"]
[White "Dupuis, Stephane"]
[Black "Lawson, Eric"]
[Result "0-1"]
[WhiteElo "2150"]
[BlackElo "2379"]
[PlyCount "94"]
[GameId "2160767909216673"]
[EventDate "2013.11.08"]
[EventType "swiss"]
[EventRounds "5"]
[EventCountry "CAN"]
[SourceTitle "hb 2013"]

1. d4 Nf6 2. c4 e6 3. g3 c5 4. d5 exd5 5. cxd5 d6 6. Nc3 g6 7. Bg2 Bg7 8. Nf3 O-O 9. O-O Re8 10. a4 Ne4 11. Nxe4 Rxe4 12. Nd2 Rb4 13. Ra2 c4 14. Qc2 Qc7 15. b3 c3 16. Nc4 a5 17. Bf4 Ra6 18. Rc1 Rxc4 19. bxc4 Rb6 20. c5 Qxc5 21. Be3 Bd4 22. Bxd4 Qxd4 23. Ra3 Na6 24. e3 Qb4 25. Rxc3 Bd7 26. Rc4 Qb2 27. Qxb2 Rxb2 28. Bf1 Nc5 29. Rxc5 dxc5 30. Rxc5 b6 31. Rc4 Kf8 32. e4 Ra2 33. e5 Bxa4 34. Rc8+ Kg7 35. Rb8 Rb2 36. Ba6 Rb1+ 37. Kg2 Bb3 38. Bb7 a4 39. d6 Be6 40. Bc8 Bd5+ 41. f3 Rb2+ 42. Kh3 a3 43. d7 Be6+ 44. g4 Rd2 45. Rxb6 a2 46. Ra6 Bc4 47. Rd6 a1=Q 0-1

[Event "Varennes"]
[Site "Varennes CAN"]
[Date "2013.11.09"]
[Round "3"]
[White "Gilbert, Erick"]
[Black "Forget, Luc"]
[Result "1-0"]
[WhiteElo "1877"]
[BlackElo "2030"]
[PlyCount "69"]
[GameId "2160767909216674"]
[EventDate "2013.11.08"]
[EventType "swiss"]
[EventRounds "5"]
[EventCountry "CAN"]
[SourceTitle "hb 2013"]

1. Nf3 d5 2. d4 Nf6 3. Bg5 e6 4. e3 Be7 5. Bd3 Nbd7 6. Nbd2 c5 7. c3 h6 8. Bh4 O-O 9. Rc1 Re8 10. O-O Bd6 11. e4 dxe4 12. Nxe4 Bf4 13. Rc2 Qc7 14. Bxf6 gxf6 15. dxc5 f5 16. Nd6 Bxd6 17. cxd6 Qxd6 18. Rd2 Qb6 19. Re1 Nf6 20. Ne5 Kg7 21. Qf3 Rg8 22. Qh3 Qc7 23. Re3 Ne4 24. Bxe4 fxe4 25. Qg4+ Kf8 26. Qxe4 a5 27. Qf4 Ke8 28. Red3 Rg5 29. Qa4+ b5 30. Qxb5+ Kf8 31. Nd7+ Kg7 32. Qb6 Ra7 33. Qxc7 Rxc7 34. h4 Rb5 35. Rg3+ 1-0

[Event "Varennes"]
[Site "Varennes CAN"]
[Date "2013.11.09"]
[Round "3"]
[White "Giroux, Robert"]
[Black "Le Duin, Thierry"]
[Result "0-1"]
[WhiteElo "1912"]
[BlackElo "2063"]
[PlyCount "108"]
[GameId "2160767909216675"]
[EventDate "2013.11.08"]
[EventType "swiss"]
[EventRounds "5"]
[EventCountry "CAN"]
[SourceTitle "hb 2013"]

1. d4 Nf6 2. c4 c5 3. d5 b5 4. cxb5 a6 5. bxa6 g6 6. Nc3 Bxa6 7. Nf3 d6 8. e4 Bxf1 9. Kxf1 Bg7 10. g3 O-O 11. Kg2 Nbd7 12. a4 Nb6 13. Qc2 Qd7 14. h3 Ra6 15. Rd1 Rfa8 16. a5 Rxa5 17. Rxa5 Rxa5 18. b3 Qb7 19. Bb2 Nfd7 20. Nd2 Qa6 21. Re1 Ne5 22. Re3 Ned7 23. Qd3 Bd4 24. Qxa6 Rxa6 25. Re2 Ne5 26. Nf3 Nxf3 27. Kxf3 Ra5 28. Kg2 f6 29. f4 Kf7 30. Rc2 h5 31. Kf3 Bxc3 32. Rxc3 Ra2 33. Bc1 f5 34. h4 Nd7 35. e5 dxe5 36. fxe5 Nxe5+ 37. Kf4 Kf6 38. Be3 Re2 39. Rxc5 Nd3+ 40. Kf3 Rxe3+ 41. Kxe3 Nxc5 42. b4 Nb7 43. Kd4 Nd6 44. Kc5 Ke5 45. Kc6 Kd4 46. Kd7 Kxd5 47. Kxe7 Ne4 48. Kf7 Nxg3 49. Kxg6 f4 50. b5 f3 51. b6 Kc6 52. b7 Kxb7 53. Kg5 f2 54. Kf4 Ne2+ 0-1

[Event "Varennes"]
[Site "Varennes CAN"]
[Date "2013.11.09"]
[Round "3"]
[White "Libersan, Thierry"]
[Black "Weston, Paul"]
[Result "1-0"]
[WhiteElo "2144"]
[BlackElo "1975"]
[PlyCount "91"]
[GameId "2160767909216676"]
[EventDate "2013.11.08"]
[EventType "swiss"]
[EventRounds "5"]
[EventCountry "CAN"]
[SourceTitle "hb 2013"]

1. e4 e5 2. Nf3 Nc6 3. Bb5 a6 4. Ba4 Nf6 5. O-O Be7 6. Re1 b5 7. Bb3 O-O 8. h3 d6 9. c3 Na5 10. Bc2 c5 11. d4 Qc7 12. Nbd2 cxd4 13. cxd4 Nc6 14. Nb3 Nb4 15. Bb1 a5 16. a3 Nc6 17. Be3 a4 18. Nbd2 Na5 19. Bd3 Bd7 20. Rc1 Qb8 21. Qe2 exd4 22. Bxd4 Qb7 23. e5 Nd5 24. Qe4 g6 25. exd6 Bxd6 26. Qh4 Rfe8 27. Be4 Rxe4 28. Nxe4 Be7 29. Nf6+ Bxf6 30. Bxf6 Nxf6 31. Qxf6 Nb3 32. Re7 Qd5 33. Rc7 Be6 34. Ng5 Qd1+ 35. Kh2 Nd2 36. g4 Nf1+ 37. Kg2 Bd5+ 38. Ne4 Nd2 39. Kg3 Nxe4+ 40. Rxe4 Rf8 41. Re3 Qg1+ 42. Kh4 h6 43. Rce7 Qb1 44. Re8 g5+ 45. Kh5 Be4 46. R3xe4 1-0

[Event "Varennes"]
[Site "Varennes CAN"]
[Date "2013.11.09"]
[Round "3"]
[White "Ouellet, Maili-Jade"]
[Black "Langlois-Remillard, Alexis"]
[Result "0-1"]
[WhiteElo "1817"]
[BlackElo "1923"]
[PlyCount "84"]
[GameId "2160767909216678"]
[EventDate "2013.11.08"]
[EventType "swiss"]
[EventRounds "5"]
[EventCountry "CAN"]
[SourceTitle "hb 2013"]

1. d4 Nc6 2. c4 d5 3. Nf3 Bg4 4. cxd5 Bxf3 5. exf3 Qxd5 6. Be3 O-O-O 7. Nc3 Qa5 8. f4 e6 9. Be2 Bb4 10. Qd3 Bc5 11. Qb5 Qxb5 12. Nxb5 Nxd4 13. Bxd4 Bxd4 14. Nxd4 Rxd4 15. g3 Nf6 16. Bf3 Rhd8 17. O-O Rd2 18. b4 Rb2 19. a3 Rd3 20. Be4 Rdd2 21. Bf3 Ra2 22. a4 Nd5 23. Bxd5 exd5 24. a5 Rxa1 25. Rxa1 Rb2 26. Rd1 c6 27. Rd4 Kc7 28. Kg2 b6 29. axb6+ Kxb6 30. f5 Kb5 31. Rg4 g6 32. Rh4 h5 33. fxg6 fxg6 34. Rf4 Rxb4 35. Rf6 g5 36. Rg6 g4 37. Rg5 a5 38. Rxh5 a4 39. h4 a3 40. Rf5 a2 41. f3 Rb2+ 42. Kg1 a1=R# 0-1

[Event "Varennes"]
[Site "Varennes CAN"]
[Date "2013.11.09"]
[Round "3"]
[White "Roy, Myriam"]
[Black "Turcotte, Jonathan"]
[Result "1/2-1/2"]
[WhiteElo "1993"]
[BlackElo "2047"]
[PlyCount "37"]
[GameId "2160767909216679"]
[EventDate "2013.11.08"]
[EventType "swiss"]
[EventRounds "5"]
[EventCountry "CAN"]
[SourceTitle "hb 2013"]

1. e4 c6 2. d4 d5 3. exd5 cxd5 4. c3 Nc6 5. Bd3 Qc7 6. Nf3 Bg4 7. O-O e6 8. Bg5 Bd6 9. g3 Nf6 10. Nbd2 Bh5 11. Re1 O-O 12. Bxf6 gxf6 13. Qb3 Bg6 14. Bxg6 hxg6 15. Red1 Rab8 16. a4 a6 17. Qc2 b5 18. axb5 axb5 19. Qd3 1/2-1/2

[Event "Varennes"]
[Site "Varennes CAN"]
[Date "2013.11.09"]
[Round "3"]
[White "Sambuev, Bator"]
[Black "Masse, Hugues"]
[Result "1-0"]
[WhiteElo "2586"]
[BlackElo "2234"]
[PlyCount "113"]
[GameId "2160767909216680"]
[EventDate "2013.11.08"]
[EventType "swiss"]
[EventRounds "5"]
[EventCountry "CAN"]
[SourceTitle "hb 2013"]

1. d4 Nf6 2. c4 g6 3. Nc3 d5 4. cxd5 Nxd5 5. e4 Nxc3 6. bxc3 Bg7 7. Bc4 c5 8. Ne2 Nc6 9. Be3 O-O 10. O-O Bg4 11. f3 Bd7 12. Rb1 Qc7 13. Bf4 Qc8 14. d5 Na5 15. Bd3 e5 16. Bg5 c4 17. Bc2 f6 18. Be3 b6 19. f4 Nb7 20. f5 gxf5 21. exf5 Nd6 22. g4 h5 23. h3 hxg4 24. hxg4 Kf7 25. Kf2 Rh8 26. Rh1 Rxh1 27. Qxh1 Qh8 28. Ng3 Qxh1 29. Rxh1 Rh8 30. Rxh8 Bxh8 31. Ne4 Nxe4+ 32. Bxe4 Bg7 33. Kg3 Bf8 34. Kh4 Be7 35. Kh5 Kg7 36. Bh6+ Kf7 37. g5 fxg5 38. Bxg5 Bf6 39. Kh6 Bg7+ 40. Kh7 Bf6 41. Bh6 Be7 42. Bg7 Bf6 43. Bh6 Be7 44. Bc1 Kf6 45. Kh6 Kf7 46. Bg5 Bxg5+ 47. Kxg5 b5 48. d6 a5 49. Bd5+ Ke8 50. a3 b4 51. axb4 axb4 52. cxb4 c3 53. Be4 Ba4 54. f6 c2 55. Bg6+ Kf8 56. Bxc2 Bd7 57. Bf5 1-0

[Event "Varennes"]
[Site "Varennes CAN"]
[Date "2013.11.09"]
[Round "3"]
[White "Villeneuve, Robert"]
[Black "Nicula, Marius"]
[Result "1/2-1/2"]
[WhiteElo "1948"]
[BlackElo "2210"]
[PlyCount "51"]
[GameId "2160767909224873"]
[EventDate "2013.11.08"]
[EventType "swiss"]
[EventRounds "5"]
[EventCountry "CAN"]
[SourceTitle "hb 2013"]

1. e4 e6 2. d4 d5 3. Nd2 Nf6 4. e5 Nfd7 5. c3 c5 6. f4 Nc6 7. Ndf3 Qb6 8. g3 cxd4 9. cxd4 Bb4+ 10. Kf2 g5 11. fxg5 Ndxe5 12. Nxe5 Nxe5 13. Be3 Nc4 14. Bxc4 dxc4 15. Nf3 Bd6 16. Qc2 Qc6 17. Rhf1 b5 18. d5 Qxd5 19. Rad1 Qc6 20. Nd4 Qd5 21. Nxb5 Qxb5 22. Rxd6 Bb7 23. Qc3 O-O 24. Re1 e5 25. Qc2 Qb4 26. Qd2 1/2-1/2

[Event "Varennes"]
[Site "Varennes CAN"]
[Date "2013.11.10"]
[Round "4"]
[White "Forget, Luc"]
[Black "Ouellet, Maili-Jade"]
[Result "1-0"]
[WhiteElo "2030"]
[BlackElo "1817"]
[PlyCount "69"]
[GameId "2160767909224875"]
[EventDate "2013.11.08"]
[EventType "swiss"]
[EventRounds "5"]
[EventCountry "CAN"]
[SourceTitle "hb 2013"]

1. d4 d5 2. c4 e6 3. Nc3 c6 4. Nf3 Nf6 5. Bg5 Bd6 6. e3 O-O 7. Qc2 h6 8. h4 hxg5 9. hxg5 Ne4 10. Nxe4 dxe4 11. Qxe4 Bb4+ 12. Kd1 f5 13. Qh4 Nd7 14. Qh5 Re8 15. g6 Kf8 16. Qh8+ Ke7 17. Qxg7+ Kd6 18. c5+ Kc7 19. Bc4 Kb8 20. Ke2 Ba5 21. Ne5 Bc7 22. Nxd7+ Bxd7 23. Rh7 Bc8 24. Rah1 b5 25. Bb3 a5 26. Rh8 Re7 27. Qf6 Qd7 28. g7 Rxg7 29. Bxe6 Qe7 30. Rxc8+ Kb7 31. Qxe7 Rxe7 32. Rxa8 Kxa8 33. Bxf5 Kb7 34. g4 Rg7 35. Rh7 1-0

[Event "Varennes"]
[Site "Varennes CAN"]
[Date "2013.11.10"]
[Round "4"]
[White "Langlois-Remillard, Alexis"]
[Black "Dupuis, Stephane"]
[Result "0-1"]
[WhiteElo "1923"]
[BlackElo "2150"]
[PlyCount "70"]
[GameId "2160767909224876"]
[EventDate "2013.11.08"]
[EventType "swiss"]
[EventRounds "5"]
[EventCountry "CAN"]
[SourceTitle "hb 2013"]

1. c3 f5 2. Nf3 Nf6 3. g3 g6 4. Bg2 Bg7 5. Qb3 Nc6 6. Ng5 d5 7. d4 e6 8. O-O O-O 9. Nd2 h6 10. Ngf3 b6 11. Ne5 Nxe5 12. dxe5 Ng4 13. c4 c6 14. f4 h5 15. h3 Nh6 16. Nf3 Bb7 17. Nd4 Qe7 18. cxd5 exd5 19. Bd2 Nf7 20. Rac1 c5 21. Nf3 Rfd8 22. Rfd1 d4 23. e6 Nd6 24. Nh4 Kh7 25. Bxb7 Qxb7 26. Nf3 Ne4 27. Ng5+ Nxg5 28. fxg5 d3 29. exd3 Qf3 30. Bf4 Bd4+ 31. Kh2 h4 32. Rf1 Bf2 33. Rce1 hxg3+ 34. Bxg3 Qxg3+ 35. Kh1 Qxh3# 0-1

[Event "Varennes"]
[Site "Varennes CAN"]
[Date "2013.11.10"]
[Round "4"]
[White "Lawson, Eric"]
[Black "Sambuev, Bator"]
[Result "1/2-1/2"]
[WhiteElo "2379"]
[BlackElo "2586"]
[PlyCount "175"]
[GameId "2160767909224877"]
[EventDate "2013.11.08"]
[EventType "swiss"]
[EventRounds "5"]
[EventCountry "CAN"]
[SourceTitle "hb 2013"]

1. d4 d6 2. e4 Nf6 3. Nc3 e5 4. Nf3 Nbd7 5. Bc4 Be7 6. O-O O-O 7. h3 c6 8. dxe5 dxe5 9. a4 Qc7 10. Qe2 Nc5 11. Rd1 a5 12. Ne1 Be6 13. Be3 Qc8 14. Nf3 Nfd7 15. Rd2 Nb6 16. Bxe6 Qxe6 17. b3 h6 18. Ne1 Rfd8 19. Rad1 Rxd2 20. Rxd2 Nbd7 21. Nd3 Na6 22. Qg4 Qxg4 23. hxg4 Kf8 24. Nd1 Ke8 25. Kf1 Nb4 26. N1b2 Nxd3 27. Nxd3 Ba3 28. c4 Be7 29. Ke2 Bg5 30. Bxg5 hxg5 31. c5 f6 32. Rc2 Nf8 33. Kd2 Ne6 34. Kc3 Kd7 35. Rd2 Kc7 36. f3 Rh8 37. Rd1 Nd4 38. Rd2 Rh1 39. Ra2 Rd1 40. Rb2 Ne6 41. Rd2 Rg1 42. Re2 Nf8 43. Kc4 Ng6 44. Kc3 Rd1 45. Rd2 Ra1 46. Kb2 Rh1 47. Kc3 Nh4 48. Re2 Ra1 49. Ne1 Rd1 50. Kc2 Rd8 51. g3 Ng6 52. Rh2 Nf8 53. Nd3 Ne6 54. Kc3 Rd7 55. Rf2 Rd4 56. Rh2 Rd8 57. Rh7 Rd7 58. Rh2 Re7 59. Rf2 Re8 60. Rh2 Kd7 61. Kd2 Rb8 62. Ke3 b6 63. cxb6 Rxb6 64. Rb2 Nd4 65. f4 gxf4+ 66. gxf4 Kd6 67. g5 Rxb3 68. gxf6 gxf6 69. fxe5+ fxe5 70. Rxb3 Nxb3 71. Nb2 Ke6 72. Nc4 Kf6 73. Kf2 Ke7 74. Kf3 Kd7 75. Kg4 Ke6 76. Kf3 Ke7 77. Kg4 Kf6 78. Kf3 Nd4+ 79. Ke3 Nb3 80. Kf3 Ke6 81. Ke3 Kd7 82. Kf3 Kc7 83. Ke3 Kb7 84. Kf3 Ka7 85. Kg4 Nc5 86. Nxa5 Nxe4 87. Nxc6+ Kb6 88. Nxe5 1/2-1/2

[Event "Varennes"]
[Site "Varennes CAN"]
[Date "2013.11.10"]
[Round "4"]
[White "Le Duin, Thierry"]
[Black "Libersan, Thierry"]
[Result "0-1"]
[WhiteElo "2063"]
[BlackElo "2144"]
[PlyCount "76"]
[GameId "2160767909224878"]
[EventDate "2013.11.08"]
[EventType "swiss"]
[EventRounds "5"]
[EventCountry "CAN"]
[SourceTitle "hb 2013"]

1. d4 c5 2. c3 Nf6 3. Bf4 e6 4. e3 b6 5. Nf3 Be7 6. Nbd2 Nh5 7. Bg3 cxd4 8. exd4 Nxg3 9. hxg3 d6 10. Bd3 Nd7 11. Be4 Rb8 12. Qa4 a6 13. Ke2 h6 14. Nh4 b5 15. Qc2 Qc7 16. f4 Nf6 17. Bd3 Bb7 18. Nhf3 Rc8 19. a3 Ng4 20. Nf1 Qc6 21. Ne3 Nxe3 22. Kxe3 f5 23. Ne1 O-O 24. Be2 Qb6 25. Bf3 e5 26. Qd2 Bf6 27. Nc2 Rfe8 28. Kf2 Bxf3 29. gxf3 exd4 30. cxd4 Rc4 31. b3 Bxd4+ 32. Kg2 Rxc2 33. Qxc2 Bxa1 34. Rxa1 Qc5 35. Qxc5 dxc5 36. Kf2 Rd8 37. a4 Rd2+ 38. Ke3 Rb2 0-1

[Event "Varennes"]
[Site "Varennes CAN"]
[Date "2013.11.10"]
[Round "4"]
[White "Masse, Hugues"]
[Black "Cloutier, Mario"]
[Result "1-0"]
[WhiteElo "2234"]
[BlackElo "2048"]
[PlyCount "61"]
[GameId "2160767909224879"]
[EventDate "2013.11.08"]
[EventType "swiss"]
[EventRounds "5"]
[EventCountry "CAN"]
[SourceTitle "hb 2013"]

1. d4 Nf6 2. c4 g6 3. g3 Bg7 4. Bg2 d5 5. cxd5 Nxd5 6. Nf3 O-O 7. O-O Nc6 8. Nc3 Nb6 9. e3 Re8 10. Re1 h6 11. Qe2 e5 12. Nxe5 Nxe5 13. dxe5 Bxe5 14. e4 Bg7 15. Be3 Be6 16. f4 Nc4 17. Bf2 Qd2 18. Qxd2 Nxd2 19. e5 Red8 20. b3 c6 21. Be3 Bg4 22. Kf2 Rd3 23. Rac1 Bf8 24. h3 Be6 25. Ke2 Rad8 26. Red1 Ba3 27. Rc2 Bb4 28. Rdxd2 Bf5 29. g4 Rxe3+ 30. Kxe3 Bc5+ 31. Ke2 1-0

[Event "Varennes"]
[Site "Varennes CAN"]
[Date "2013.11.10"]
[Round "4"]
[White "Morissette, Jean-Sebastien"]
[Black "Barre, Michel"]
[Result "0-1"]
[WhiteElo "1876"]
[BlackElo "1955"]
[PlyCount "104"]
[GameId "2160767909224880"]
[EventDate "2013.11.08"]
[EventType "swiss"]
[EventRounds "5"]
[EventCountry "CAN"]
[SourceTitle "EXT 2022"]
[Source "ChessBase"]
[SourceDate "2021.10.06"]
[SourceVersion "1"]
[SourceVersionDate "2021.10.06"]
[SourceQuality "1"]

1. d4 b6 2. c4 Bb7 3. Nc3 e6 4. a3 Nf6 5. Nf3 d5 6. Bg5 Be7 7. e3 Nbd7 8. Rc1 O-O 9. Qc2 c6 10. Be2 h6 11. Bh4 Rc8 12. cxd5 Nxd5 13. Bg3 c5 14. Nxd5 Bxd5 15. Ba6 Bxf3 16. gxf3 Ra8 17. Bb7 cxd4 18. Bxa8 Qxa8 19. Qe4 Nc5 20. Qxa8 Rxa8 21. O-O d3 22. b4 d2 23. Rc2 Rd8 24. Rd1 Nb3 25. Be5 a5 26. Rb2 a4 27. Bc3 Rd3 28. Bd4 Nxd4 29. exd4 Rxf3 30. d5 Bg5 31. h4 Bf4 32. d6 Rd3 33. Kf1 Rxd6 34. Ke2 Rc6 35. Kd3 b5 36. Rc2 Rd6+ 37. Ke2 Rd5 38. Rc5 g5 39. Rxd5 exd5 40. Kd3 gxh4 41. Kd4 Kg7 42. Kc5 Kf6 43. Kxb5 Ke5 44. Kxa4 Kd4 45. Kb3 Kd3 46. a4 Be5 47. a5 Bd4 48. b5 Bxf2 49. Rh1 Be1 50. Rh3+ Ke2 51. Rh2+ Bf2 52. Rxf2+ Kxf2 0-1

[Event "Varennes"]
[Site "Varennes CAN"]
[Date "2013.11.10"]
[Round "4"]
[White "Nicula, Marius"]
[Black "Nikulich, Oleksandr"]
[Result "1/2-1/2"]
[WhiteElo "2210"]
[BlackElo "2098"]
[PlyCount "55"]
[GameId "2160767909224881"]
[EventDate "2013.11.08"]
[EventType "swiss"]
[EventRounds "5"]
[EventCountry "CAN"]
[SourceTitle "hb 2013"]

1. c4 e6 2. Nf3 d5 3. d4 Nf6 4. g3 Be7 5. Bg2 O-O 6. O-O dxc4 7. Qc2 a6 8. a4 c5 9. dxc5 Bxc5 10. Nbd2 Nc6 11. Nxc4 Qe7 12. Bf4 h6 13. Nce5 Nxe5 14. Nxe5 Bd6 15. Rfd1 Bb8 16. Nd3 e5 17. Be3 Bd6 18. Bc5 Rb8 19. Bxd6 Qxd6 20. Qc3 Re8 21. Nc5 Qe7 22. Rac1 b6 23. Ne4 Nxe4 24. Bxe4 Bg4 25. Bf3 Rec8 26. Qe3 Bxf3 27. exf3 Qb4 28. b3 1/2-1/2

[Event "Varennes"]
[Site "Varennes CAN"]
[Date "2013.11.10"]
[Round "4"]
[White "Turcotte, Jonathan"]
[Black "Giroux, Robert"]
[Result "1/2-1/2"]
[WhiteElo "2047"]
[BlackElo "1912"]
[PlyCount "142"]
[GameId "2160767909224882"]
[EventDate "2013.11.08"]
[EventType "swiss"]
[EventRounds "5"]
[EventCountry "CAN"]
[SourceTitle "hb 2013"]

1. d4 d6 2. Nf3 g6 3. c4 Bg7 4. e4 Nc6 5. Be2 e5 6. dxe5 dxe5 7. Qxd8+ Kxd8 8. Bg5+ f6 9. Be3 Be6 10. Nc3 Kc8 11. O-O-O Nd8 12. h3 Bh6 13. Bxh6 Nxh6 14. Nd5 Ng8 15. Rd2 c6 16. Ne3 Kc7 17. Rhd1 Nf7 18. a3 Ne7 19. c5 Rad8 20. Bc4 Bxc4 21. Nxc4 Nc8 22. g4 Rxd2 23. Rxd2 b5 24. cxb6+ axb6 25. a4 Ncd6 26. Nxd6 Nxd6 27. Re2 Ra8 28. b3 Kd7 29. g5 Ke6 30. gxf6 Kxf6 31. h4 b5 32. axb5 cxb5 33. Kb2 Rc8 34. Nh2 Ke6 35. f3 Rf8 36. Rg2 Rf4 37. Rg4 b4 38. Rxf4 exf4 39. Kc2 h5 40. Kd3 Ke5 41. Nf1 Nf7 42. Kc4 g5 43. hxg5 Nxg5 44. Nh2 Nxf3 45. Nxf3+ Kxe4 46. Nh2 Ke3 47. Kxb4 Kf2 48. Kc3 Kg2 49. b4 Kxh2 50. b5 f3 51. b6 f2 52. b7 f1=Q 53. b8=Q+ Kh1 54. Qb7+ Qg2 55. Qh7 Qg3+ 56. Kd4 h4 57. Qe4+ Kh2 58. Qe2+ Qg2 59. Qe5+ Kh1 60. Qf4 h3 61. Ke3 Kg1 62. Qh4 Kh2 63. Qf2 Kh1 64. Qe1+ Qg1+ 65. Qf2 Qg5+ 66. Kf3 Qg2+ 67. Ke3 Qxf2+ 68. Kxf2 Kh2 69. Kf1 Kg3 70. Kg1 h2+ 71. Kh1 Kh3 1/2-1/2

[Event "Varennes"]
[Site "Varennes CAN"]
[Date "2013.11.10"]
[Round "4"]
[White "Villeneuve, Robert"]
[Black "Caire, Francois"]
[Result "0-1"]
[WhiteElo "1948"]
[BlackElo "2134"]
[PlyCount "76"]
[GameId "2160767909224883"]
[EventDate "2013.11.08"]
[EventType "swiss"]
[EventRounds "5"]
[EventCountry "CAN"]
[SourceTitle "hb 2013"]

1. e4 c6 2. d4 d5 3. Nd2 dxe4 4. Nxe4 Bf5 5. Ng3 Bg6 6. h4 h6 7. Nf3 Nd7 8. h5 Bh7 9. Bd3 Bxd3 10. Qxd3 Qc7 11. Bd2 Ngf6 12. O-O-O e6 13. Qe2 Be7 14. Ne5 c5 15. Rhe1 Nxe5 16. dxe5 Nd7 17. f4 O-O-O 18. Ne4 Kb8 19. c4 Rhe8 20. g4 f6 21. exf6 gxf6 22. f5 exf5 23. gxf5 Bf8 24. Qg2 Ne5 25. Bf4 Rxd1+ 26. Rxd1 Nd3+ 27. Rxd3 Qxf4+ 28. Nd2 Qxf5 29. Qd5 Qxd5 30. Rxd5 Kc7 31. Rf5 Re1+ 32. Kc2 Be7 33. Kd3 Kd6 34. Rd5+ Ke6 35. Ne4 Rd1+ 36. Nd2 f5 37. Ke2 Ra1 38. a3 Ra2 0-1